000 00921cam a22002174a 4500
005 20250605164006.0
008 250528s ||||||||||||||||||||||||d
035 _a15798
020 _a130271470
040 _aGR-AtMCL
_bgre
_dGR-AtMCL
_eAACR2
245 1 _aPrinciples of Operations Management / Fourth Edition
250 _a4th
260 _bPrentice Hall,
_c2001
300 _a768
520 _aIntroduction to Operations Management, Operations Strategy for Competitive Advantage, Operations in a Global Environment, Forecasting, Designing Operations, Managing Quality, Process Strategy and Capacity Planning, Location Strategies, Layout Strategy, Managing Operations, Supply-Chain Management, Inventory Management, Aggregate Planning, Short-Term Scheduling, Project Management, Appendices.
700 1 _aHeizer Jay
_91784
700 1 _aRender Barry
_91785
942 _cBK
999 _c1350
_d1350